Redistributive state aid to local communities.

Použitie pomoci štátu obciam v rámci redistribúcie a jej obmedzenie vlastným výberom. Možnosti nahradzovania štátnej podpory verejnými službami. Imigrácia majetných domácností do obcí s rozvinutými verejnými službami, ich zdaňovanie. Redistribúcia zdrojov pre menej rozvinuté obce. Štátna pomoc vzdel...

Descripción completa

Guardado en:
Detalles Bibliográficos
Autor principal: Bartolome, Ch.A.M.de
Formato: Capítulo de libro
Lenguaje:inglés
Materias:
Etiquetas: Agregar Etiqueta
Sin Etiquetas, Sea el primero en etiquetar este registro!

MARC

LEADER 00000naa a2200000 4500
001 r008950
005 20221130103846.2
041 0 |a eng 
044 |a NL 
245 1 0 |a Redistributive state aid to local communities.  |c Ch.A.M.de Bartolome 
520 |a Použitie pomoci štátu obciam v rámci redistribúcie a jej obmedzenie vlastným výberom. Možnosti nahradzovania štátnej podpory verejnými službami. Imigrácia majetných domácností do obcí s rozvinutými verejnými službami, ich zdaňovanie. Redistribúcia zdrojov pre menej rozvinuté obce. Štátna pomoc vzdelávaniu v meste New York. 
610 2 0 |a redistribúcia zdrojov finančných 
610 2 0 |a štát 
610 2 0 |a obce 
610 2 0 |a podpory 
610 2 0 |a sektor verejný 
610 2 0 |a dane 
610 2 0 |a New York 
100 1 |a Bartolome, Ch.A.M.de